| 000 | 00540nam a22001937a 4500 | ||
|---|---|---|---|
| 003 | KOHA_MİRAKIL | ||
| 005 | 20251221161622.0 | ||
| 008 | 251221b tu ||||| |||| 00| 0 tur d | ||
| 020 | _a9786058381902 | ||
| 040 |
_aTR-AnABB _btur _cTR-AnABB |
||
| 041 | _atur | ||
| 082 |
_a956.511 _bOZA 2016 |
||
| 100 | 1 | _aÖzalp, M. Nazmi, | |
| 245 | 1 | 0 |
_aBir başkentin anatomisi / _cM. Nazmi Özalp |
| 260 |
_aAnkara : _bİdealkent Yayınları, _c2016 |
||
| 300 |
_a432 sayfa ; _c20 cm |
||
| 650 | 0 | 4 | _aTürkiye, Ankara |
| 942 |
_2ddc _cBK |
||
| 999 |
_c9867 _d9867 |
||
| 900 | _bGizem YORULMAZ | ||